[Event "Bled op"]
[Site "Bled"]
[Date "1998.??.??"]
[Round "4"]
[White "Zorman, Vojko"]
[Black "Kragelj, Igor"]
[Result "1/2-1/2"]
[WhiteElo "2305"]
[BlackElo "2310"]

1.e4 c5 2.Nf3 Nc6 3.Bb5 e6 4.O-O Nge7 5.Re1 Nd4 6.Nxd4 cxd4 7.c3 a6 8.Bf1 Nc6
9.d3 Bc5 10.Nd2 d6 11.Nf3 O-O 12.a3 Ba7 13.c4 b5 14.cxb5 axb5 15.b4 e5 16.g3 f6
17.Qb3+ Kh8 18.Nh4 Rb8 19.f4 Qe8 20.f5 Qf7 21.Qd1 Bb6 22.Be2 Ne7 23.g4 g5
24.fxg6 hxg6 25.Rf1 Qh7 26.Qe1  1/2-1/2

[Event "Bled op"]
[Site "Bled"]
[Date "1998.??.??"]
[Round "7"]
[White "Sveshnikov, Evgeny"]
[Black "Sermek, Drazen"]
[Result "1-0"]
[WhiteElo "2595"]
[BlackElo "2510"]

1.e4 c5 2.Nf3 Nc6 3.Bb5 e6 4.O-O Nge7 5.c3 d5 6.exd5 Qxd5 7.Re1 Bd7 8.Na3 a6
9.Bf1 Qd6 10.Nc4 Qc7 11.d4 b5 12.Nce5 cxd4 13.a4 bxa4 14.Rxa4 Nd5 15.Nxd7 Qxd7
16.Bb5 Qb7 17.Bxc6+ Qxc6 18.Rxd4 Nf6 19.Ne5 Qb7 20.Bg5 Bc5 21.Nc4 Ke7 22.Rf4 Rad8
23.Qh5 Rd5 24.Qh4 Rg8 25.g3 Kf8 26.Bxf6 gxf6 27.Qxf6 Rh5 28.Qd8+  1-0

[Event "Bodensee Cup 4th"]
[Site "Bodensee"]
[Date "1998.??.??"]
[Round "1"]
[White "Grund, Holger"]
[Black "Duppel, Matthias"]
[Result "1-0"]
[WhiteElo "2335"]
[BlackElo "2265"]

1.e4 c5 2.Nf3 Nc6 3.Bb5 e6 4.O-O Nge7 5.Re1 Nd4 6.Nxd4 cxd4 7.c3 Nc6 8.Na3 Bc5
9.b4 Be7 10.Nc2 dxc3 11.dxc3 d6 12.Bf4 O-O 13.Ne3 Qc7 14.Qd2 Rd8 15.Bf1 b6
16.c4 Bb7 17.Rac1 Ne5 18.f3 Rac8 19.Bg3 h5 20.h3 Qb8 21.Qb2 Bf6 22.Qb3 h4
23.Bf2 Ng6 24.Red1 Be5 25.Rc2 Qc7 26.Rcd2 Qe7 27.a3 Bc6 28.a4 Bf4 29.a5 Qg5
30.axb6 axb6 31.Ra2 Bg3 32.b5 Bxf2+ 33.Rxf2 Be8 34.Nc2 Nf4 35.Kh1 Qg3 36.Qe3 Rc5
37.Rfd2 Ng6 38.Nd4 Qe5 39.Nb3 Nf4 40.Nxc5 bxc5 41.Qa3  1-0

[Event "Cupa Dinamo"]
[Site "Brasov"]
[Date "1998.??.??"]
[Round "1"]
[White "Ardeleanu, Alin"]
[Black "Chernov, Vadim"]
[Result "1/2-1/2"]
[WhiteElo "2420"]
[BlackElo "2405"]

1.e4 c5 2.Nf3 Nc6 3.Bb5 g6 4.O-O Bg7 5.c3 Nf6 6.e5 Nd5 7.d4 cxd4 8.cxd4 O-O
9.Nc3 Nc7 10.Ba4 d6 11.Bxc6 bxc6 12.Qa4 Qd7 13.Re1 Bb7 14.Bf4 Ne6 15.Be3 d5
16.Rad1 f5 17.exf6 exf6 18.Qa3 Rfe8 19.Na4 Qc7 20.Qc3 Bc8 21.Rc1 Bd7 22.Qd2 Bf8  1/2-1/2

[Event "Cupa Dinamo"]
[Site "Brasov"]
[Date "1998.??.??"]
[Round "13"]
[White "Svetushkin, Dmitry"]
[Black "Nevednichy, Vladislav"]
[Result "1/2-1/2"]
[WhiteElo "2415"]
[BlackElo "2550"]

1.e4 c5 2.Nf3 Nc6 3.Bb5 g6 4.O-O Bg7 5.Re1 e5 6.Bxc6 dxc6 7.d3 Qe7 8.Nbd2 Nf6
9.b4 cxb4 10.a3 b3 11.Nxb3 O-O 12.a4 c5 13.Na5 Be6 14.Bg5 b6 15.Nc4 Bxc4
16.dxc4 Rfd8 17.Qe2 Rd6 18.Red1 Rxd1+ 19.Rxd1 Qe8 20.Rd6 Nh5 21.Qd3 Qxa4
22.g3 Qe8 23.g4 Nf4 24.Bxf4 exf4 25.Qd5 h6 26.Rd7 a5 27.Nh4 f3 28.e5 a4 29.Nxf3 a3
30.Rxf7 Kh8 31.Re7 Qc8 32.Qf7 Qxg4+ 33.Kf1 Rg8 34.Qd5 Rf8 35.Ke2  1/2-1/2

[Event "NLD-chT playoff 3-4"]
[Site "Breda"]
[Date "1998.??.??"]
[Round "?"]
[White "Peelen, Piet"]
[Black "Berendsen, Richard"]
[Result "1-0"]
[WhiteElo "2365"]
[BlackElo "2195"]

1.e4 c5 2.Nf3 Nc6 3.Bb5 e6 4.O-O Nge7 5.c3 a6 6.Ba4 b5 7.Bc2 c4 8.d4 cxd3
9.Qxd3 Ng6 10.Nd4 Bb7 11.Nd2 Qc7 12.N2f3 Be7 13.Nxc6 dxc6 14.Bg5 Rd8 15.Qe3 Bxg5
16.Qxg5 e5 17.g3 O-O 18.h4 c5 19.Rfd1 f6 20.Qe3 Ne7 21.a4 Nc8 22.axb5 axb5
23.b4 cxb4 24.Bb3+ Kh8 25.cxb4 Rxd1+ 26.Rxd1 Nd6 27.Bd5 Bxd5 28.exd5 Rc8
29.Kg2 Qc4 30.Qd2 Kg8 31.h5 e4 32.Nh4 Re8 33.Qf4 Qxb4 34.Rc1 Qb3 35.Qxd6 e3
36.Qd7 Rf8 37.Nf5  1-0

[Event "NLD-chT f"]
[Site "Breda"]
[Date "1998.??.??"]
[Round "?"]
[White "Timman, Jan H"]
[Black "Rogers, Ian"]
[Result "1/2-1/2"]
[WhiteElo "2635"]
[BlackElo "2570"]

1.Nf3 c5 2.e4 Nc6 3.Bb5 e6 4.Bxc6 bxc6 5.O-O Ne7 6.Re1 Ng6 7.c3 Be7 8.d4 O-O
9.Nbd2 cxd4 10.cxd4 f5 11.Nb3 Ba6 12.Qc2 fxe4 13.Rxe4 Rxf3 14.gxf3 Qf8 15.Nc5 Bxc5
16.dxc5 Qxf3 17.Re3 Qh5 18.Rg3 Nh4 19.Bf4 Be2 20.h3 Nf3+ 21.Kg2 Nh4+ 22.Kg1 Rf8
23.Bd6 Rf3 24.Re1 Rxg3+ 25.fxg3 Nf3+ 26.Kf2 Nxe1 27.Qxe2 Qxe2+ 28.Kxe2 Nc2
29.Kd3 Nb4+ 30.Kc4 Nxa2 31.Bf4 a5 32.Bc7 Nb4 33.Bxa5 Nd5 34.Kd4 Kf7 35.Ke5 Ke7
36.Bd2 Nf6 37.g4 Kf7 38.Be3 h5 39.gxh5 Nxh5 40.Kd6 Ke8 41.Bd4 Ng3 42.Ke5 Nf5
43.Bf2 Nh6 44.Bd4 Ke7 45.Bc3 Nf7+ 46.Ke4 g6 47.h4 d6 48.cxd6+ Kxd6 49.Bb4+ c5
50.Ba3 Kc6 51.b3 Kb5 52.Bc1 Kb4 53.Be3 Nd6+ 54.Ke5 Nf5 55.Bf2  1/2-1/2

[Event "Wch-09 blind "]
[Site "Brno"]
[Date "1998.??.??"]
[Round "5"]
[White "Bjerring, Kai"]
[Black "Dukaczewski, Piotr"]
[Result "1-0"]
[WhiteElo "2345"]
[BlackElo "2195"]

1.e4 c5 2.Nf3 Nc6 3.Bb5 d6 4.Bxc6+ bxc6 5.O-O e5 6.h3 Ne7 7.Re1 Ng6 8.c3 Be7
9.d4 Qc7 10.Na3 O-O 11.Nc4 Be6 12.Ne3 d5 13.exd5 cxd5 14.dxe5 Rad8 15.Nf1 h6
16.Ng3 Rfe8 17.Nh5 d4 18.cxd4 cxd4 19.Nf4 Nxf4 20.Bxf4 Bb4 21.Bd2 Bc5 22.Rc1 Qb6
23.b4 Bf8 24.a3 Bd5 25.Bf4 Qb7 26.Qd3 g5 27.Nxg5 hxg5 28.Bxg5 Bg7 29.Bf6 Bxf6
30.exf6 Be4 31.Qd2 Re6 32.Qg5+  1-0

[Event "Bucharest Cup IM"]
[Site "Bucharest"]
[Date "1998.??.??"]
[Round "?"]
[White "Glodeanu, Ion"]
[Black "Dinu, George Daniel"]
[Result "1-0"]
[WhiteElo "2355"]
[BlackElo "2225"]

1.e4 c5 2.Nf3 Nc6 3.Bb5 g6 4.O-O Bg7 5.Re1 e5 6.Bxc6 bxc6 7.c3 Ne7 8.d4 cxd4
9.cxd4 exd4 10.Nxd4 O-O 11.Nc3 Bb7 12.Bg5 h6 13.Be3 d5 14.Nb3 dxe4 15.Nc5 Bc8
16.N5xe4 Nd5 17.Bd4 Nxc3 18.Bxc3 Qxd1 19.Raxd1 Bxc3 20.Nxc3 Be6 21.Rd2 Rfd8
22.Red1 Rxd2 23.Rxd2 Kf8 24.f4 Ke7 25.Kf2 Rb8 26.Kf3 Rb4 27.a3 Rb3 28.Ke4 Rb8
29.Kd4 Rd8+ 30.Ke3 Rxd2 31.Kxd2 Kd6 32.b4 f5 33.Ke3 g5 34.g3 c5 35.h4 gxh4
36.gxh4 Bc4 37.Na4 cxb4 38.axb4 Bb3 39.Nc3 Bc4 40.Kd4 Bf1 41.Nd5 Ke6 42.Kc5 Bg2
43.Ne3 Be4 44.Nc4 a6 45.Ne5 Bg2 46.Nc6 Kf6 47.Kd6 Be4 48.Ne5 Bc2 49.Nd7+ Kg6
50.Nc5 Kh5 51.Nxa6 Kxh4 52.Nc5 Bd1 53.Ke5 h5 54.Kxf5 Bc2+ 55.Ke5 Kg4 56.b5 Bf5
57.b6 Bc8 58.f5 h4 59.f6 h3 60.f7 h2 61.f8=Q h1=Q 62.Qxc8+ Kg3 63.Ne4+ Kf3  1-0

[Event "Bucharest Fest GM"]
[Site "Bucharest"]
[Date "1998.??.??"]
[Round "?"]
[White "Nanu, Ciprian"]
[Black "Moraru, Marius"]
[Result "1/2-1/2"]
[WhiteElo "2405"]
[BlackElo "2420"]

1.e4 c5 2.Nf3 Nc6 3.Bb5 g6 4.O-O Bg7 5.Re1 Nf6 6.e5 Nd5 7.Nc3 Nc7 8.Bxc6 dxc6
9.Ne4 Ne6 10.d3 O-O 11.Be3 Nd4 12.Nxc5 Nxf3+ 13.Qxf3 Bxe5 14.d4 Bg7 15.Rad1  1/2-1/2

[Event "Bucharest Fest GM (Women)"]
[Site "Bucharest"]
[Date "1998.??.??"]
[Round "?"]
[White "Ionescu Brandis, Irina"]
[Black "Smokina, Karolina"]
[Result "1/2-1/2"]
[WhiteElo "2345"]
[BlackElo "2180"]

1.e4 c5 2.Nf3 Nc6 3.Bb5 g6 4.O-O Bg7 5.Re1 e5 6.Bxc6 dxc6 7.d3 Bg4 8.h3 Bxf3
9.Qxf3 Qf6 10.Qg3 Ne7 11.a4 O-O 12.a5 Qe6 13.b3 b6 14.Nd2 Rab8 15.axb6 axb6
16.Bb2 Rfe8 17.Nc4 Nc8 18.Ra6 b5 19.Ne3 Nb6 20.Bc3 Qd7 21.Rea1 Nc8 22.Ng4 Qd6
23.Qe3 Nb6 24.Nh6+ Kf8 25.h4 Rb7 26.h5 Nd7 27.hxg6 hxg6 28.Ng4 Qe6 29.Nh2 f6
30.Qg3 Kf7 31.Nf3 Bh6 32.Ra7 Reb8 33.Bb2 Kg7 34.Nh4 Bg5 35.Rxb7 Rxb7 36.f4 Bxh4
37.Qxh4 exf4 38.Qxf4 Ne5 39.Ra8 Re7 40.Qh4 Re8 41.Ra7+ Re7 42.Ra6 g5 43.Qg3 Ng4
44.Ra8 Kg6 45.Qb8 Ne3 46.Qh8 Rg7 47.Rf8 Ng4 48.Re8 Qd6 49.Rg8 Rxg8 50.Qxg8+ Kh6
51.Qh8+ Kg6 52.Qg8+  1/2-1/2

[Event "Bucharest Fest GM"]
[Site "Bucharest"]
[Date "1998.??.??"]
[Round "?"]
[White "Itkis, Boris"]
[Black "Vukovic, Zdravko"]
[Result "1-0"]
[WhiteElo "2465"]
[BlackElo "2425"]

1.e4 c5 2.Nf3 Nc6 3.Bb5 Nf6 4.Nc3 g6 5.O-O Bg7 6.Re1 O-O 7.e5 Ng4 8.Bxc6 bxc6
9.h3 Nh6 10.d3 Nf5 11.Ne4 Nd4 12.Nxc5 Nxf3+ 13.Qxf3 Qa5 14.Qe3 d6 15.exd6 exd6
16.Nb3 Qh5 17.Qg3 Be6 18.Qxd6 Rad8 19.Qg3 a5 20.Nd2 a4 21.a3 Qc5 22.c3 Qb5
23.d4 Rfe8 24.Ne4 Bd5 25.f3 c5 26.Nxc5 Rxe1+ 27.Qxe1 Re8 28.Qd1 Re2 29.Nd3 Qe8
30.Bf4 Bb3 31.Qc1 Qb5 32.Nc5 Bd5 33.Qf1 Qxb2 34.Rc1 Re1 35.Qxe1 h6 36.Nxa4 Qxa3
37.Nc5 Kh7 38.Be5 f6 39.Bd6 Qb2 40.Nd3 Qb7 41.Nf4 Bc4 42.Qe2  1-0

[Event "Bucharest Fest GM"]
[Site "Bucharest"]
[Date "1998.??.??"]
[Round "?"]
[White "Itkis, Boris"]
[Black "Nanu, Ciprian"]
[Result "0-1"]
[WhiteElo "2465"]
[BlackElo "2405"]

1.e4 c5 2.Nf3 Nc6 3.Bb5 Qb6 4.Nc3 e6 5.O-O Nge7 6.Re1 a6 7.Bxc6 Nxc6 8.e5 d6
9.exd6 Bxd6 10.b3 O-O 11.Ne4 Be7 12.Bb2 Rd8 13.Ng3 Rd5 14.c4 Rd8 15.Rb1 f6
16.Nh4 Nd4 17.f4 Qd6 18.Rf1 b5 19.Nf3 Nxf3+ 20.Qxf3 Rb8 21.Qg4 e5 22.Nf5 Bxf5
23.Qxf5 exf4 24.Rxf4 bxc4 25.Rxc4 Qxd2 26.Qe6+ Kf8 27.Re1 Re8 28.Qe2 Rbd8
29.Ra4 c4 30.Kf1 Qxe2+  0-1

[Event "Bucharest Fest IM"]
[Site "Bucharest"]
[Date "1998.??.??"]
[Round "?"]
[White "Hristodorescu, Daniel"]
[Black "Bagonyai, Attila"]
[Result "1/2-1/2"]
[WhiteElo "2250"]
[BlackElo "2315"]

1.e4 c5 2.Nf3 Nc6 3.Bb5 g6 4.O-O Bg7 5.Re1 Nf6 6.c3 O-O 7.d4 d5 8.exd5 Qxd5
9.c4 Qd6 10.dxc5 Qxd1 11.Rxd1 Ne4 12.h3 Na5 13.Na3 a6 14.Ba4 Nxc5 15.Bc2 Be6
16.Be3 Nd7 17.Nd4 Nxc4 18.Nxe6 Nxe3 19.Nxf8 Nxd1 20.Nxd7 Nxb2 21.Re1 e6 22.Nb6 Rd8
23.Nbc4 Rc8 24.Bb3 b5 25.Nxb2 Bxb2 26.Nc2 a5 27.Rb1 Be5 28.Ne3 Rc3 29.Kf1 Bd4
30.Bd1 Rc5 31.Be2 Bxe3 32.fxe3 Rc2 33.Ra1 b4 34.Bd1 Rc3 35.Ke2 Ra3 36.Bb3 a4
37.Bc4 Rc3 38.Bb5 Rc2+ 39.Kf3 b3 40.axb3 axb3 41.Rb1 b2 42.Be2 Kg7 43.e4 Rc3+
44.Kf4 Rb3 45.Ke5 Rb4 46.Bf3 h5 47.Kd6 Kf6 48.Kc5 Rb8 49.Kd4 Kg5 50.Kc3 Kf4
51.Rxb2 Rxb2 52.Kxb2 f5 53.exf5 exf5 54.Kc3 Kg3 55.Kd4 g5  1/2-1/2

[Event "Bucharest Fest GM (Women)"]
[Site "Bucharest"]
[Date "1998.??.??"]
[Round "?"]
[White "Baciu Ionescu, Otilia"]
[Black "Smokina, Karolina"]
[Result "1-0"]
[WhiteElo "2185"]
[BlackElo "2180"]

1.e4 c5 2.Nf3 Nc6 3.Bb5 g6 4.O-O Bg7 5.Re1 e5 6.Bxc6 dxc6 7.d3 b6 8.Be3 Qc7
9.Nbd2 Nf6 10.h3 O-O 11.a4 a5 12.Nc4 Nh5 13.Qc1 f6 14.c3 Be6 15.b3 f5 16.exf5 Bxf5
17.Bh6 Bxh3 18.Ncxe5 Bf5 19.d4 cxd4 20.cxd4 Rac8 21.Qc4+ Kh8 22.Bxg7+ Kxg7
23.Rac1 Qd6 24.Nxc6 Nf4 25.d5 Kh6 26.Qd4 Bd3 27.Nfe5 Ba6 28.Rc3 Qxd5 29.Ng4+ Kh5
30.Re5+ Rf5 31.Nf6+ Kh6 32.Nxd5 Rcf8 33.Nxf4 Rxf4 34.Rh3+ Kg7 35.Re7+  1-0

[Event "Bucharest Fest IM"]
[Site "Bucharest"]
[Date "1998.??.??"]
[Round "?"]
[White "Hristodorescu, Daniel"]
[Black "Veneteanu, Ion Cristian"]
[Result "1/2-1/2"]
[WhiteElo "2250"]
[BlackElo "2225"]

1.e4 c5 2.Nf3 Nc6 3.Bb5 Nf6 4.e5 Nd5 5.c3 g6 6.O-O Bg7 7.d4 cxd4 8.cxd4 O-O
9.Nc3 Nxc3 10.bxc3 a6 11.Qa4 Qc7 12.Qa3 d5 13.exd6 exd6 14.Bf4 Rd8 15.Bd3 h6
16.Nd2 Bf8 17.Rfe1 b5 18.Bxb5 Bb7 19.Bd3 Na5 20.c4 Rd7 21.d5 Qd8 22.Rab1 Bc8
23.Bc2 Rb7 24.Rbc1 Rba7 25.Be3 Re7 26.Bd4 Rxe1+ 27.Rxe1 Bg7 28.Bxg7 Kxg7
29.Qc3+ f6 30.Qg3 g5 31.Qd3 f5 32.Qc3+ Kg8 33.Nf3 Bd7 34.Bd3 Nb7 35.Qd4 Nc5
36.Bc2 Rb8 37.h3 a5 38.Nh2 a4 39.Nf1 Qf8 40.Ng3 Qf7 41.Rb1 Rxb1+ 42.Bxb1 h5
43.h4 f4 44.Ne4 Nxe4 45.Bxe4 gxh4 46.Qb6 Qe7 47.Qd4 h3 48.Bf3 Qg5 49.Qa7 Bg4
50.Qb8+ Kg7 51.Qc7+ Kg8  1/2-1/2

[Event "Bucharest Fest IM"]
[Site "Bucharest"]
[Date "1998.??.??"]
[Round "?"]
[White "Hristodorescu, Daniel"]
[Black "Moraru, Marius"]
[Result "0-1"]
[WhiteElo "2250"]
[BlackElo "2420"]

1.e4 c5 2.Nf3 Nc6 3.Bb5 g6 4.O-O Bg7 5.Re1 e5 6.Bxc6 dxc6 7.d3 Qe7 8.Nbd2 Nh6
9.Nc4 f6 10.a4 Nf7 11.a5 O-O 12.Qe2 Bg4 13.h3 Be6 14.b3 Qc7 15.Be3 b6 16.Ra2 Rab8
17.axb6 axb6 18.Rea1 f5 19.Bc1 f4 20.Bb2 Rb7 21.Qe1 b5 22.Ncd2 g5 23.Ra8 Bc8
24.R1a2 h5 25.Qa1 Bf6 26.R2a7 Rxa7 27.Qxa7 Qd6 28.Ba3 Be7 29.d4 exd4 30.e5 Nxe5
31.Ne4 Nxf3+ 32.gxf3 Qe5 33.Qb6 b4 34.Qxc6 Bxh3 35.Rxf8+ Kxf8 36.Bc1 Be6
37.Bd2 Kg7 38.Qb6 Bf7 39.Qb5 Qd5 40.Qb8 Bf8 41.Qb6 Qe5 42.Qb5 Qe7 43.Qc6 Bg6
44.Qd5 Kh6 45.Qc6 Qe5 46.Qc8 Be7 47.Qb7 Bxe4 48.fxe4 f3 49.Qc6+ Bd6  0-1

[Event "Bucharest Fest IM"]
[Site "Bucharest"]
[Date "1998.??.??"]
[Round "?"]
[White "Glodeanu, Ion"]
[Black "Podgorski, S."]
[Result "1/2-1/2"]
[WhiteElo "2355"]
[BlackElo "2305"]

1.e4 c5 2.Nf3 Nc6 3.Bb5 d6 4.d4 cxd4 5.Qxd4 Bd7 6.Bxc6 Bxc6 7.Nc3 Nf6 8.Bg5 e6
9.O-O-O Be7 10.Rhe1 O-O 11.Kb1 Qa5 12.Qd2 Qa6 13.Nd4 Rfe8 14.f4 h6 15.Bxf6 Bxf6
16.e5 Be7 17.exd6 Bxd6 18.Nxc6 Red8 19.Ne4 Be7 20.g3 Rac8 21.c3 b5 22.Re3 Qa4
23.Qc2 Qa5 24.Nd2 Qb6 25.Rd3 a5 26.Rd7 Bf8 27.Nf3 Rc7  1/2-1/2

[Event "Bucharest Fest IM"]
[Site "Bucharest"]
[Date "1998.??.??"]
[Round "?"]
[White "Glodeanu, Ion"]
[Black "Moraru, Marius"]
[Result "1/2-1/2"]
[WhiteElo "2355"]
[BlackElo "2420"]

1.e4 c5 2.Nf3 Nc6 3.Bb5 g6 4.O-O Bg7 5.Re1 Nf6 6.e5 Nd5 7.Nc3 Nc7 8.Bxc6 dxc6
9.Ne4 Ne6 10.d3 O-O 11.Be3 Nd4  1/2-1/2

[Event "Bucharest Fest IM"]
[Site "Bucharest"]
[Date "1998.??.??"]
[Round "?"]
[White "Brajovic, Radovan"]
[Black "Podgorski, S."]
[Result "1-0"]
[WhiteElo "2320"]
[BlackElo "2305"]

1.e4 c5 2.Nf3 Nc6 3.Bb5 d6 4.O-O Bd7 5.Re1 Nf6 6.c3 a6 7.Bf1 e6 8.d4 cxd4
9.cxd4 d5 10.e5 Ne4 11.Bd3 Nb4 12.Bxe4 dxe4 13.Rxe4 Bc6 14.Re1 Bxf3 15.gxf3 Rc8
16.Nc3 Nd5 17.Qd3 Bb4 18.Bd2 Bxc3 19.bxc3 Qc7 20.Rec1 Qc4 21.Qxc4 Rxc4 22.Rcb1 b6
23.Rb3 Kd7 24.Ra3 a5 25.Rb3 Rhc8 26.Kg2 R8c6 27.Rc1 Kc7 28.f4 Kb7 29.Kf3 g6
30.Ke4 Ka6 31.f5 gxf5+ 32.Kd3 a4 33.Rb2 b5 34.a3 f6 35.exf6 Nxf6 36.f3 Nd5
37.h4 h5 38.Rg1 Nxc3 39.Rg5 Nd5 40.Rxh5 Nb6 41.Rh8 Rd6 42.Be3 Nd5 43.Bd2 e5
44.dxe5 Nf4+ 45.Ke3 Rd3+ 46.Kf2 Rb3 47.Ra2 Nd3+ 48.Kg2 Nxe5 49.Rh6+ Kb7 50.Rh7+ Kc8
51.Rh6  1-0

[Event "Bucharest Fest IM"]
[Site "Bucharest"]
[Date "1998.??.??"]
[Round "?"]
[White "Brajovic, Radovan"]
[Black "Osman, Mihai"]
[Result "1-0"]
[WhiteElo "2320"]
[BlackElo "2240"]

1.e4 c5 2.Nf3 Nc6 3.Bb5 d6 4.O-O Bd7 5.Re1 a6 6.Bf1 e6 7.c3 Nf6 8.d4 cxd4
9.cxd4 d5 10.e5 Ne4 11.a3 Rc8 12.Bd3 Ne7 13.Bxe4 dxe4 14.Rxe4 Bc6 15.Re1 Nf5
16.Be3 Be7 17.Nc3 g5 18.h3 h5 19.Nh2 Rc7 20.Re2 Rd7 21.Rd2 f6 22.Qb3 Kf7
23.Rad1 fxe5 24.d5 exd5 25.Bb6 Qg8 26.Nf3 Kf6 27.Nxd5+ Bxd5 28.Rxd5 Rxd5
29.Rxd5 g4 30.hxg4 hxg4 31.Nxe5 g3 32.Nd7+ Kg6 33.Qd3 Rh5 34.fxg3 Qe6 35.Bf2  1-0

[Event "Primavara"]
[Site "Bucharest"]
[Date "1998.??.??"]
[Round "3"]
[White "Svetushkin, Dmitry"]
[Black "Tomescu, Vlad"]
[Result "1-0"]
[WhiteElo "2415"]
[BlackElo "2415"]

1.e4 c5 2.Nf3 Nc6 3.Bb5 e6 4.O-O Nge7 5.Re1 a6 6.Bf1 d5 7.d3 Ng6 8.h4 dxe4
9.dxe4 Qxd1 10.Rxd1 h5 11.c3 Be7 12.g3 Nge5 13.Nxe5 Nxe5 14.Bf4 Nf3+ 15.Kg2 e5
16.Be3 Bg4 17.Nd2 Nxd2 18.Rxd2 Rd8 19.Rxd8+ Kxd8 20.Bc4 Be6 21.Bd5 Kc7 22.c4 Bxd5
23.cxd5 Kd6 24.f4 f6 25.a4 exf4 26.Bxf4+ Kd7 27.Rc1 Rc8 28.b3 Bd6 29.Kf3 b5
30.axb5 axb5 31.Ra1 c4 32.bxc4 Rxc4 33.Ra6 Bc5 34.Rc6 Rc3+ 35.Ke2 Bd4 36.Rd6+ Ke7
37.Re6+ Kd7 38.Bd6 Rb3 39.Kd2 b4 40.Bf8 Bc3+ 41.Kc2 Rb2+ 42.Kd3 Rg2 43.Bc5 Be5
44.Re7+ Kc8 45.Kc4 Rxg3 46.Kb5 Rc3 47.Kc6 Rxc5+ 48.Kxc5 b3 49.Kc6 Kd8 50.Rb7 b2
51.d6 Ke8 52.Kd5 Kd8 53.Ke6 Kc8 54.Rb3  1-0

[Event "Primavara (Women)"]
[Site "Bucharest"]
[Date "1998.??.??"]
[Round "4"]
[White "Baciu Ionescu, Otilia"]
[Black "Moshina, Cristina"]
[Result "1/2-1/2"]
[WhiteElo "2125"]
[BlackElo "2135"]

1.e4 c5 2.Nf3 Nc6 3.Bb5 g6 4.O-O Bg7 5.Re1 e5 6.Bxc6 dxc6 7.d3 Qe7 8.Nbd2 Nf6
9.Nc4 Nd7 10.a4 O-O 11.a5 Re8 12.Be3 Nf8 13.h3 f6 14.c3 Be6 15.b3 Rad8 16.Qc2 Bxc4
17.bxc4 Ne6 18.g3 Qd6 19.Red1 f5 20.exf5 gxf5 21.d4 cxd4 22.Qxf5 Qf8 23.Qxf8+ Rxf8
24.Ng5 Nxg5 25.Bxg5 Rd7 26.cxd4 exd4 27.a6 b6 28.Re1 Rf5 29.Bf4 Kf7 30.Kf1 Rc5
31.Ra4 b5 32.cxb5 Rxb5 33.g4 d3 34.Bd2 Bd4 35.Ra3 Bb2 36.Ra4 Bd4 37.Ra3 Bb2
38.Ra4  1/2-1/2

[Event "Primavara"]
[Site "Bucharest"]
[Date "1998.??.??"]
[Round "8"]
[White "Sanduleac, Vasile"]
[Black "Tomescu, Vlad"]
[Result "1/2-1/2"]
[WhiteElo "2450"]
[BlackElo "2415"]

1.e4 c5 2.Nf3 Nc6 3.Bb5 e6 4.Bxc6 bxc6 5.e5 f6 6.O-O fxe5 7.Nxe5 Nf6 8.d3 Be7
9.f4 O-O 10.c4 Qc7 11.Nc3 d6 12.Nf3 Nh5 13.g3 e5 14.Ng5 Bxg5 15.Qxh5 Be7
16.fxe5 Rxf1+ 17.Kxf1 Bf5 18.Qe2 dxe5 19.Be3 Qd7 20.Ne4 Bg4 21.Qc2 Rd8 22.Nf2 Bf3
23.Kg1 h5 24.Re1 h4 25.Ne4 Bxe4 26.dxe4 Qg4 27.Qg2 hxg3 28.hxg3 Rd1  1/2-1/2

[Event "Primavara (Women)"]
[Site "Bucharest"]
[Date "1998.??.??"]
[Round "10"]
[White "Baciu Ionescu, Otilia"]
[Black "Zatonskih, Anna"]
[Result "0-1"]
[WhiteElo "2125"]
[BlackElo "2340"]

1.e4 c5 2.Nf3 Nc6 3.Bb5 e6 4.O-O Nge7 5.Re1 a6 6.Bf1 Ng6 7.d4 cxd4 8.Nxd4 Qc7
9.Nc3 d6 10.Be3 Be7 11.Qh5 O-O 12.Rad1 b5 13.Nf5 b4 14.Nxe7+ Ncxe7 15.Na4 Rb8
16.b3 Bd7 17.Nb2 Bb5 18.Bd3 d5 19.exd5 Nxd5 20.Bd4 Bxd3 21.Nxd3 Qxc2 22.Nc5 Ndf4
23.Qg4 Rbd8 24.Rc1 Qxa2 25.Be3 Nd3 26.Nxd3 Rxd3 27.Qxb4 Rxb3 28.Qd6 Rb5 29.Ra1 Qc2
30.Qxa6 Rh5 31.Rec1 Qe4 32.Rc8 h6 33.Rxf8+ Nxf8 34.Rc1 Kh7 35.Qa7 Rf5 36.g3 Ng6
37.Rc8 Rd5 38.Rc1 Qf3  0-1

[Event "Primavara (Women)"]
[Site "Bucharest"]
[Date "1998.??.??"]
[Round "12"]
[White "Baciu Ionescu, Otilia"]
[Black "Petrenko, Svetlana"]
[Result "1-0"]
[WhiteElo "2125"]
[BlackElo "2275"]

1.e4 c5 2.Nf3 Nc6 3.Bb5 g6 4.O-O Bg7 5.Re1 a6 6.Bxc6 dxc6 7.d3 Nf6 8.h3 O-O
9.Nbd2 b6 10.a4 Qc7 11.e5 Nd5 12.a5 b5 13.Nb3 c4 14.dxc4 bxc4 15.Nc5 Rb8
16.Qd4 Rb4 17.c3 Rb5 18.b4 cxb3 19.c4 Rb4 20.Ba3 Rd8 21.Rad1 Rb8 22.cxd5 Qxa5
23.Qa4 Qxa4 24.Nxa4 Rxd5 25.Rxd5 cxd5 26.Nd4 Bd7 27.Nc5 Bb5 28.Ncxb3 e6 29.Bd6 Rc8
30.Nxb5 axb5 31.Nd4 b4 32.Rb1 Rc4 33.Nf3 Bf8 34.Nd2 Rc2 35.Rxb4 Rxd2 36.Rb8 Rd1+
37.Kh2 h5 38.Bxf8 Kh7 39.Be7 g5 40.Bxg5 Kg6 41.Bf6 d4 42.g4 hxg4 43.hxg4 Ra1
44.Rg8+ Kh6 45.Rd8 Ra5 46.Kg3 Ra3+ 47.Kf4 d3 48.Rh8+ Kg6 49.Rg8+  1-0

[Event "Primavara (Women)"]
[Site "Bucharest"]
[Date "1998.??.??"]
[Round "14"]
[White "Ionescu Brandis, Irina"]
[Black "Moshina, Cristina"]
[Result "1-0"]
[WhiteElo "2330"]
[BlackElo "2135"]

1.e4 c5 2.Nf3 Nc6 3.Bb5 g6 4.O-O Bg7 5.Re1 e5 6.Bxc6 dxc6 7.d3 Qe7 8.Nbd2 Nf6
9.a3 O-O 10.b4 cxb4 11.axb4 Re8 12.Nc4 Bg4 13.Bd2 b6 14.h3 Bxf3 15.Qxf3 Nd7
16.Ra2 Reb8 17.Rea1 Rb7 18.Bc3 Nf8 19.Qg3 Re8 20.Qe3 Rd8 21.Qc1 Rbd7 22.Qb2 f6
23.Ra6 Qf7 24.Qa3 f5 25.Rxa7 fxe4 26.Rxd7 Qxd7 27.dxe4 Ne6 28.Nxe5 Qd6 29.Qb2 Rf8
30.Nf3 Bxc3 31.Qxc3 Nf4 32.Qc4+ Kh8 33.e5 Qc7 34.Qe4 Qf7 35.Qxc6 Nxh3+ 36.gxh3 Qxf3
37.Qxf3 Rxf3 38.Ra7 Kg8 39.e6 Rf8 40.Rb7 Rc8 41.Rxb6 Kf8 42.Rb7 h5 43.b5 Rxc2
44.b6 Rb2 45.Rf7+  1-0

[Event "Budapest FS07 IM-A"]
[Site "Budapest"]
[Date "1998.??.??"]
[Round "5"]
[White "Medvegy, Zoltan"]
[Black "Barvin, Konstantin"]
[Result "1/2-1/2"]
[WhiteElo "2350"]
[BlackElo "2315"]

1.e4 c5 2.Nf3 Nc6 3.Bb5 g6 4.O-O Bg7 5.Re1 Nf6 6.e5 Nd5 7.Nc3 Nc7 8.Bxc6 dxc6
9.Ne4 Ne6 10.d3 O-O 11.Qe2 b6 12.a4 a5 13.h3 Ra7 14.Ned2 Kh8 15.Nc4 b5 16.Na3 b4
17.Nc4 Nd4 18.Nxd4 cxd4 19.Bf4 Be6 20.Nd2 Rd7 21.Nb3 Rd5 22.Bh2 Bc8 23.Nd2 Be6
24.f4 Rd7 25.Ne4 Bd5 26.Nc5 Ra7 27.Qf2 Be6 28.Re4 Bd5 29.Re2 Be6 30.g4 Qd5
31.Nb3 c5 32.Qg2 Qxg2+ 33.Kxg2 Rc8 34.Bg1 Bd5+ 35.Kg3 e6 36.Nd2 Kg8 37.Rc1 Bf8
38.b3 Be7 39.Ne4 Kf8 40.Bf2 Ke8 41.Be1 Bxe4 42.Rxe4 Kd7 43.Bd2  1/2-1/2

[Event "Budapest Nyar op"]
[Site "Budapest"]
[Date "1998.??.??"]
[Round "7"]
[White "Shushpanova, Nina"]
[Black "Fleger, Herbert"]
[Result "0-1"]
[WhiteElo "2050"]
[BlackElo "2230"]

1.e4 c5 2.Nf3 Nc6 3.Bb5 g6 4.O-O Bg7 5.Nc3 Nd4 6.Nxd4 cxd4 7.Ne2 Qb6 8.Bc4 e6
9.c3 Ne7 10.Nxd4 Bxd4 11.cxd4 d5 12.exd5 exd5 13.Bb3 O-O 14.Qc2 Bf5 15.Qc5 Bd3
16.Re1 Nf5 17.h3 Rfd8 18.Re5 Nxd4 19.Rxd5 Rxd5 20.Qxd5 Ne2+ 21.Kh2 Qxf2 22.Qxf7+ Qxf7
23.Bxf7+ Kxf7 24.b3 Ke6  0-1

[Event "Budapest Nyar op"]
[Site "Budapest"]
[Date "1998.??.??"]
[Round "7"]
[White "Vujosevic, Vladimir"]
[Black "Seres, Lajos"]
[Result "1/2-1/2"]
[WhiteElo "2370"]
[BlackElo "2420"]

1.e4 c5 2.Nf3 Nc6 3.Bb5 g6 4.O-O Bg7 5.c3 Nf6 6.Re1 O-O 7.h3 a6 8.Bxc6 bxc6
9.d4 cxd4 10.cxd4 d5 11.e5 Ne4 12.Nbd2 Bf5 13.Nh4 Be6 14.Nxe4  1/2-1/2

[Event "Cairo op"]
[Site "Cairo"]
[Date "1998.??.??"]
[Round "8"]
[White "Mokhtar, Ahmed"]
[Black "Abo Elnasr, Mohamed"]
[Result "1/2-1/2"]
[WhiteElo "2180"]
[BlackElo "2165"]

1.e4 c5 2.Nf3 Nc6 3.Bb5 g6 4.O-O Bg7 5.c3 e5 6.d4 cxd4 7.cxd4 Nxd4 8.Nxd4 exd4
9.f4 Ne7 10.f5 Nc6 11.f6 Bf8 12.Kh1 a6 13.Bc4 d6 14.Bd5 Qb6 15.Na3 Ne5 16.Nc4 Nxc4
17.Bxc4 h5 18.Qa4+ Qc6 19.Qb3 Qd7 20.Bd5 h4 21.h3 Rh5 22.Bd2 Bh6 23.Bxh6 Rxh6
24.Rad1 g5 25.Rxd4 g4 26.Rd3 Kf8 27.e5 gxh3 28.gxh3 Qe8 29.Re3 Be6 30.Bxe6 Qxe6
31.Qxb7 Re8 32.Rg1 Rxf6 33.exf6 Qxe3 34.Qg2 Qe4 35.Qxe4 Rxe4 36.Rd1 Re6 37.Rf1 Ke8
38.Rf4 d5 39.Rxh4 Re1+ 40.Kg2 Re2+ 41.Kf3 Rxb2 42.Rd4 Rxa2 43.Rxd5 a5 44.h4 a4
45.Re5+ Kf8 46.Ra5 Kg8 47.Kg4 Kh7 48.Kh5 Rf2 49.Kg5 Rg2+ 50.Kf5 Rf2+ 51.Kg5 Rg2+
52.Kf5  1/2-1/2

[Event "Calcutta"]
[Site "Calcutta"]
[Date "1998.??.??"]
[Round "5"]
[White "Komliakov, Viktor"]
[Black "Prasad, Devaki V"]
[Result "1-0"]
[WhiteElo "2510"]
[BlackElo "2400"]

1.e4 c5 2.Nf3 Nc6 3.Bb5 e6 4.Bxc6 bxc6 5.d3 d6 6.O-O Be7 7.e5 d5 8.c4 h5
9.Nc3 Nh6 10.b3 g5 11.Na4 g4 12.Ne1 Qc7 13.Bf4 a5 14.Rc1 Nf5 15.Nc2 Bd7 16.Re1 Qa7
17.Ne3 Nd4 18.Nc3 Qb7 19.Nf1 Rg8 20.Rb1 Rg6 21.Ne3 Kf8 22.Ne2 Kg7 23.Nc2 Nxe2+
24.Qxe2 Qa7 25.Ne3 Kh7 26.h3 Rag8 27.hxg4 hxg4 28.g3 f5 29.Kg2 Kg7 30.Rh1 Rh8
31.Rxh8 Kxh8 32.Rh1+ Kg7 33.Qe1 Qa8 34.Rh5 Kf7 35.Qh1 Bf8 36.Rh8 Be8 37.Qh7+ Rg7
38.Rxf8+  1-0